000 00616nam a22002057a 4500
005 20250620153919.0
010 _aENG-145504
020 _a9788191024784
_c150.00
035 _aEN-129036
037 _bDBAD
082 _a0001.42
100 _aVijayalakshmi V.,
_982212
245 _aA Hand on Research Methodology /
_bV. Vijayalakshmi
260 _aBangalore
_bSOUTHERN ECONOMIST
_c2014
270 _aNo. 9,1st Main ,Jamia Masjid Complex,1st Floor ,10&11,Palace Guttahalli
_bBangalore
_e560003
300 _a67 p.
_c22 cm.(Pb)
490 _vvol 1
700 _aVijayalakshmi V.
_982213
942 _2ddc
_cEN
_mVIJ
999 _c211886
_d211886